000 00880nas a2200289 4500
001 BR0300721
003 BR-BrBNA
005 20231205103556.0
007 ta
008 230509b bl.|||p| |||| 00| 00por d
040 _aBR-BrBNA
_bpor
_cBiblioteca Nacional de Agricultura
041 _a(En)
072 _aH10
100 1 _aSantos, R.C.
100 1 _aMonnerat, R.G.
100 1 _aSá, M. de F.G. de
100 1 _aCordeiro, C.M.T.
100 1 _aGomes, A.C.
100 1 _aGander, E.S.
245 1 _aCholesterol oxidase interference on the emergence and viability of cotton boll weevil larvae
650 _aCURUQUERE
650 _aBIOLOGIA
650 _aCONTROLE BIOLÓGICO
773 0 _tPesquisa Agropecuária Brasileira (Brazil)
_xISSN 0100-204X
_g(Nov 2002), v. 37(11) p. 1525-1530
_wBR0300721
909 _a202311
_bLúcia
_c55
_dLúcia Elande
942 _2AGRIS
_n0
_cANA
999 _c173600
_d173600